La vie parisienne au XVIIIe siècle (Record no. 187512)

MARC details
000 -LEADER
campo de control de longitud fija 01396nam a2200241 i 4500
001 - NÚMERO DE CONTROL
campo de control 187512
003 - IDENTIFICADOR DE NÚMERO DE CONTROL
campo de control ES-MaACL
005 - FECHA Y HORA DE LA ÚLTIMA TRANSACCIÓN
campo de control 20230906222940.0
008 - DATOS DE LONGITUD FIJA--INFORMACIÓN GENERAL
campo de control de longitud fija 171020s1928 fr |||| | fre d
245 03 - MENCIÓN DEL TÍTULO
Título La vie parisienne au XVIIIe siècle
Resto del título : conférences du Musée Carnavalet (1928) /
Mención de responsabilidad, etc. par Abel Hermant, F. Funck-Brentano, Franc Nohain... [et al.].
260 ## - PUBLICACIÓN, DISTRIBUCIÓN, ETC.
Lugar de publicación, distribución, etc. Paris :
Nombre del editor, distribuidor, etc. Payot,
Fecha de publicación, distribución, etc. 1928.
300 ## - DESCRIPCIÓN FÍSICA
Extensión 260 p., 16 h. de lám. :
Otras características físicas il. ;
Dimensiones 23 cm.
490 1# - MENCIÓN DE SERIE
Mención de serie Conférences du Musée Carnavalet
505 8# - NOTA DE CONTENIDO CON FORMATO
Nota de contenido con formato Contiene: Le XVIIIe siècle vivant / par A. Hermant. - La vie populaire à Paris au XVIIIe siècle / par F. Funck-Brentano. - Les promenades à la mode / par Franc-Nohain. - La table au XVIIIe siècle / par P. Reboux. - La vie de famille au XVIIIe s. / par A. E. Sorel. - L'armour et la mode / par R. Lécuyer. - La jeune fille au XVIIIe siècle / par A. Bellessort. - Les gazetiers et les nouvellistes / par H. Morand. - Les Parisiens aux salons de peinture / par L. Hourticq. - La douceur de vivre / par G. Lenôtre
651 #4 - PUNTO DE ACCESO ADICIONAL DE MATERIA--NOMBRE GEOGRÁFICO
Nombre geográfico Paris-
Subdivisión general Usos y costumbres-
Subdivisión cronológica S.XVIII.
9 (RLIN) 147652
700 0# - ENTRADA AGREGADA--NOMBRE PERSONAL
Nombre de persona Hermant, Abel.
9 (RLIN) 62743
700 1# - ENTRADA AGREGADA--NOMBRE PERSONAL
Nombre de persona Funck-Brentano, Frantz (
Fechas asociadas al nombre 1862-1947)
9 (RLIN) 53022
700 0# - ENTRADA AGREGADA--NOMBRE PERSONAL
Nombre de persona Franc-Nohain.
9 (RLIN) 52128
710 2# - ENTRADA AGREGADA--NOMBRE DE ENTIDAD CORPORATIVA
Nombre de entidad corporativa o nombre de jurisdicción como elemento de entrada Musée Carnavalet (Paris)
9 (RLIN) 163734
830 0# - PUNTO DE ACCESO ADICIONAL DE SERIE-TÍTULO UNIFORME
Título uniforme Conférences du Musée Carnavalet
9 (RLIN) 192790
852 ## - LOCALIZACIÓN
Ubicación ES-MaACL
Número de control de estantería A-2814
Holdings
Estatus retirado Estado de pérdida Estado de daño No para préstamo Biblioteca de origen Biblioteca actual Ubicación en estantería Fecha de adquisición Fuente de adquisición Total de préstamos Signatura topográfica completa Código de barras Visto por última vez Precio de reemplazo Tipo de ítem Koha
        Biblioteca del Ateneo de Madrid Biblioteca del Ateneo de Madrid Sala Pecera Planta 1 20/10/2017     A-2814 1198035 23/02/2023 23/02/2023 Libro impreso